000
00218nam a22000857a 4500
999
_c
5845
_d
5845
008
170131b xxu||||| |||| 00| 0 eng d
020
_a
3190013616
100
_9
2685
_a
Verlag.M.H.
245
_a
Lernzial Deutsch Deutsch als Fremdsprache
260
_a
Chennai
_b
Chennai Micro Print
_c
1998